• 首页
  • 本馆介绍
  • 公告通知
  • 最新文献
  • 馆藏检索
  • 电子资源
  • 读者导购
  • 参考咨询
  • 我的图书馆
  • 登录
  • 详细信息显示
  • 放入我的书架
  • 预约/预借图书
  • 作者相关作品
  • 分类相关作品
  • 丛书相关作品
  • 出版社相关作品

书目信息

  • 表格格式
  • 工作单格式
  • 卡片格式
题名:
空间经济学教程
    
 
作者: 安虎森 主编
分册:  
出版信息: 北京   经济科学出版社  2006
页数: 348
开本: 24cm
丛书名:
单 册:
中图分类: F207
科图分类:
主题词: 国民经济--经济管理
电子资源:
ISBN: 7-5058-5996-X
000 00527nam0 2200181 450
001 0760515518
005 20070817164835.51
010    @a7-5058-5996-X@d¥29.00
100    @a20070817d km y0chiy0120 ea
101 0  @achi
200 1  @a空间经济学教程@Akong jian jing ji xue jiao cheng@f安虎森主编@Fan hu sen zhu bian
210    @a北京@c经济科学出版社@d2006
215    @a348@d24cm
606 0  @a国民经济@x经济管理
690    @aF207@v3
701  0 @a安虎森@Aan hu sen@4主编
801  0 @aCN@bPFT@c20070817
905    @a213230@dF207@eg47@f1
    
    空间经济学教程/安虎森主编.-北京:经济科学出版社,2006
    348;24cm
    
    
    ISBN 7-5058-5996-X:¥29.00
    
●
相关链接 在E读中查询图书 在五车中查询图书 在当当中查询图书 在豆瓣中查询图书


正题名:空间经济学教程     索取号:F207/g47         预约/预借

序号 登录号 条形码 馆藏地/架位号 状态 备注
1 6502822   265028221   密集书库-海洋学院/ [索取号:F207/g47] 在馆    
2 6502823   265028230   密集书库-海洋学院/ [索取号:F207/g47] 在馆    
唐山师范学院图书馆 欢迎您!
大连网信软件有限公司© 版权所有